| 000 | 00914nam a22002417a 4500 | ||
|---|---|---|---|
| 008 | 240605b mp ||||| |||| 00| 0 mon d | ||
| 020 | _a978-99973-1-788-9 | ||
| 035 | _a25521 | ||
| 040 |
_aHE0623081 _bmon _cMN-UlNLM _dMN-UlNLM _erda |
||
| 041 | _amon | ||
| 042 | _a59362 | ||
| 084 |
_2NNA _a84(0)-44 _bК.238 |
||
| 100 | _aКоллоди К. | ||
| 245 | 0 | _aПиноккио | |
| 264 |
_aУБ. _bМонсудар хэвлэлийн газар _c2019 |
||
| 300 | _a262х. | ||
| 336 |
_2rdacontent _atext _btxt |
||
| 337 |
_2rdamedia _aunmediated _bn |
||
| 338 |
_2rdacarrier _avolume _bnc |
||
| 650 | _aАрван хүүхэдтэй айлын ууган нь байсан зохиолч Карло Коллодигийн хүүхэд нас хөл үймээн дунд өнгөрчээ. Тэрээр сонинд сэтггүүлчээр ... | ||
| 942 |
_2NNA _cBK |
||
| 999 |
_c895207 _d895264 |
||